Calciatori e Anno di nascita - Quiz n°29 - Statistics

Statistiche generali
  • Questo quiz è stato fatto 11 volte
  • Il punteggio medio è 4 su 10
Statistiche sulle risposte
Hint Risposta % Corretto
Nikola Milenković 1997
91%
Francesco Acerbi 1988
55%
Matías Vecino 1991
55%
Franck Ribéry 1983
45%
Mathieu Flamini 1984
45%
Breel Embolo 1997
45%
Víctor Valdés 1982
27%
Emmanuel Adebayor 1984
27%
Vincent Kompany 1986
27%
Marco Sportiello 1992
27%
Nessun quiz corrispondente trovato
Distribuzione punteggi
Percentuale di utenti per punteggio
Percentile per numero di risposta
I tuoi punteggi nel tempo
Non hai fatto questo quiz